000 01201cam a2200361 a 4500
001 5566
003 FISKH
005 20250331100247.0
008 030917r20031985nyua j 000 1 eng
010 _a 2003276644
020 _a0060511060 (pbk.)
020 _a9780060511067
040 _aDLC
_cDLC
_dDLC
_beng
050 _aPZ7.P219
082 _a813
100 1 _aParish, Peggy.
245 1 0 _aAmelia Bedelia goes camping /
_cby Peggy Parish ; pictures by Lynn Sweat.
260 _aNew York :
_bHarper Collins,
_c1985.
300 _a57 pages :
_bcolor illustrations ;
_c23 cm
490 0 _aI can read book
_vReading 2 with help
505 _aG
520 _aAs always, Amelia Bedelia follows exactly the instructions given to her on a camping trip, including pitching a tent and rowing boats.
521 8 _a380
_bLexile
521 8 _aG
_bRaz-Plus
600 0 0 _aAmelia-Bedelia
_c(Fictitious character)
_vJuvenile fiction.
650 0 _aCamping
_vJuvenile fiction.
650 1 _aCamping
_vFiction.
650 1 _aHumorous stories.
700 1 _aSweat, Lynn,
_eillustrator
906 _a7
_bcbc
_corigcop
_d3
_encip
_f20
_gy-gencatlg
942 _2ddc
_cBK
_n0
999 _c5566
_d5566